| Registos Bibliográficos associados ao registo de autoridade |
|
Etiqueta de registo: 00254nam 2200025 450 001 2285728 003 http://id.bnportugal.gov.pt/bib/catbnp/2285728 010 ## $a978-972-25-5056-7 021 ## $aPT$b560373/26 100 ## $a20260505d2026 m y0pory01030103ba 101 1# $apor$ceng 102 ## $aPT 105 ## $aa z 000yy 106 ## $ar 200 1# $a A maldição de Golias$e a história, o colapso das sociedades e o futuro$fLuke Kemp$gtrad. Joaquim Gafeira 205 ## $a1ª ed 210 #9 $aLisboa$cBertrand,$d2026 215 ## $a607, [1] p.$cil.$d24 cm 304 ## $aTít. orig.: Goliath's curse - the history and future of societal collapse 700 #1 $aKemp,$bLuke$31997625 702 #1 $aGafeira,$bJoaquim Diogo$4730$31456143 801 #0 $aPT$bBN$gRPC 966 ## $lBN$mFGMON$x1 966 ## $lBN$mFGMON$x1 971 ## $cisantos$d20260505
|
|
|